logo

Bir Sreshtho Munshi Abdur Rouf Library
Jhenaidah Cadet College

Teach your child about pets / (Record no. 7629)

MARC details
000 -LEADER
fixed length control field 00564nam a22002172 4500
001 - CONTROL NUMBER
JCCL Control Number 7629
003 - CONTROL NUMBER IDENTIFIER
JCCL marc code UkOxU
005 - DATE AND TIME OF LATEST TRANSACTION
control field 20180212132545.0
008 - FIXED-LENGTH DATA ELEMENTS--GENERAL INFORMATION
fixed length control field 860516s1964 enka 000 0 eng d
035 ## - SYSTEM CONTROL NUMBER
system control number OCLC ocm13576670 from D971023M
040 ## - CATALOGING SOURCE
Original cataloging agency GZD
Transcribing agency GZD
Modifying agency UKM
-- EQO
041 ## - LANGUAGE CODE
Language code of Book eng
082 04 - DEWEY DECIMAL CLASSIFICATION NUMBER
Classification number 636.0887
DDC Edition number 18
Author mark and Year SIM 1954
100 1# - MAIN ENTRY--PERSONAL NAME
Personal name Simms, Edna Jeanne.
245 10 - TITLE STATEMENT
Title Teach your child about pets /
Statement of responsibility, etc with photographs by Louis Simms.
260 ## - PUBLICATION, DISTRIBUTION, ETC. (IMPRINT)
Place of publication, distribution, etc London :
Name of publisher, distributor, etc Pearson,
Date of publication, distribution, etc 1964.
300 ## - PHYSICAL DESCRIPTION
Pagination 95 p. :
Other physical details ill.
650 ## - SUBJECT ADDED ENTRY--TOPICAL TERM
Topical term or geographic name as entry element Pets
942 ## - ADDED ENTRY ELEMENTS (KOHA)
Source of classification or shelving scheme Dewey Decimal Classification
Koha item type Books
Holdings
Source of classification or shelving scheme Damaged status Not for loan Home library Current library Shelving location Date of accession Total Checkouts Full call number Barcode Date last seen Copy number Koha item type
Dewey Decimal Classification     JCC Rouf Library JCC Rouf Library General Stacks 02/12/2018   636.0887 SIM 1954 10146 02/12/2018 C - 1 Books

JCC Library | Contacts | JCC Home

Last Update on 23 September 2017
Copyright @ 2017-2020 JCC Rouf Library
Rouf Library, Jhenidah Cadet College (JCC), Bangladesh